| 000 | 00499nam a22001817a 4500 | ||
|---|---|---|---|
| 005 | 20180715130201.0 | ||
| 010 | _aB-168155 | ||
| 020 |
_a9788180940040 _c180.00 |
||
| 035 | _aB-168155 | ||
| 037 | _bMJP Publishers | ||
| 082 | _a574.192 | ||
| 100 | _aVerakumari, L. | ||
| 245 |
_aBiochemistry/ _cby L. Veerakumari |
||
| 260 |
_aChennai _bMJP Publishers _c2004 |
||
| 300 |
_a367p. _c19cm(Pbk) |
||
| 942 |
_2ddc _cEN _h574.192 _mVEE |
||
| 999 |
_c154069 _d154069 |
||